Loading...
| Any History | 10 | 11.00 | 80% | 30% | 0% |
| Current Events | 5 | 18.00 | 80% | 80% | 20% |
| Fine Arts - Classical Music | 11 | 6.36 | 64% | 0% | 0% |
| Fine Arts - Other Fine Arts | 5 | 10.00 | 100% | 0% | 0% |
| Geography | 7 | 18.57 | 100% | 57% | 29% |
| History - American History | 10 | 14.00 | 90% | 30% | 20% |
| History - European History | 11 | 10.91 | 82% | 27% | 0% |
| History - World History | 9 | 15.56 | 100% | 56% | 0% |
| Literature - American Literature | 6 | 13.33 | 83% | 50% | 0% |
| Literature - British Literature | 7 | 15.71 | 100% | 57% | 0% |
| Literature - European Literature | 10 | 14.00 | 100% | 40% | 0% |
| Literature - World Literature | 7 | 20.00 | 100% | 100% | 0% |
| Mythology | 2 | 15.00 | 100% | 0% | 50% |
| Other Academic | 3 | 13.33 | 100% | 33% | 0% |
| Painting & Sculpture | 7 | 11.43 | 71% | 29% | 14% |
| Philosophy | 6 | 10.00 | 100% | 0% | 0% |
| Religion | 9 | 13.33 | 100% | 22% | 11% |
| Science - Biology | 9 | 15.56 | 100% | 56% | 0% |
| Science - Chemistry | 7 | 14.29 | 86% | 43% | 14% |
| Science - Other Science | 6 | 13.33 | 83% | 50% | 0% |
| Science - Physics | 7 | 14.29 | 100% | 43% | 0% |
| Social Science | 7 | 12.86 | 100% | 29% | 0% |